Beregite zrenije detej /

Uložené v:
Podrobná bibliografia
Hlavný autor: Belostockaja, Je. M. (Author)
Médium: Kniha
Jazyk:Russian
Vydané: Moskva : Medgiz, 1953.
Vydanie:1. izd.
ISBN: (brož.)
Fyzický popis: 38, [2] s.
Tagy: Pridať tag
Žiadne tagy, Buďte prvý kto otaguje tento záznam!

MARC

LEADER 00000nam a2200000 a 4500
001 000099521
005 20100716155547.0
008 040101s1953 ru e rus d
020 |a (brož.) 
040 |a SVKKK  |b slo  |c SVKKK  |e AACR2 
041 0 |a rus 
044 |a ru  |c RU 
100 1 |a Belostockaja, Je. M.  |4 aut 
245 1 0 |a Beregite zrenije detej /  |c Je. M. Belostockaja, J. M. Belostockij. 
250 |a 1. izd. 
260 |a Moskva :  |b Medgiz,  |c 1953. 
300 |a 38, [2] s. 
910 |a svkkk 
998 |a BK 
090 |g SCKHL  |k Sklad Pribinova 2. posch.  |a II.19376  |j 66490  |i 99521-10  |s Prezenčne